000 00451nam a2200169Ia 4500
003 GCL
008 140319s9999 xx 000 0 eng d
040 _aGCL /
_cGCL
082 0 4 _a005.43
_bT W
100 1 _aTIDROW, ROB.
245 1 0 _aWINDOWS 95 REGISTRY TROUBLESHOOTING /
_cTIDROW, ROB.
260 _a[S.N] :
_bNEW RIDERS PUBLISHING
650 0 4 _aWINDOWS 95 REGISTRY
650 0 4 _aWINDOWS 95
650 0 4 _aCOMPUTER - PROPGRAMME
942 _2ddc
_cBK
999 _c13355
_d13355